| 000 | 00491nam a2200169 a 4500 | ||
|---|---|---|---|
| 005 | 20140310183525.0 | ||
| 008 | 110824s19uu xx 00 eng d | ||
| 020 | _a9810699832 | ||
| 050 |
_aQA 152.3 _b.B65 2007 |
||
| 100 | _aBlitzer, Robert | ||
| 245 |
_aIntroductory & intermediate algebra for college students / _cRobert Blitz. |
||
| 260 |
_aNew Jersey : _bPrentice Hall, _c2007. |
||
| 300 |
_a830 p. : _bill. ; _c26 cm. |
||
| 650 | _aAlgebra | ||
| 942 |
_cBK _2lcc _kFOR |
||
| 999 |
_c24484 _d24484 |
||